[Event "15th Spice Cup 2021"]
[Site "Clayton"]
[Date "2021.10.19"]
[Round "4.3"]
[White "Gledura, Benjamin"]
[Black "Martinez Alcantara, Jose Eduardo"]
[Result "1-0"]
[WhiteElo "2628"]
[BlackElo "2620"]
[Annotator "TA"]
[PlyCount "65"]
[EventDate "2021.10.17"]
[EventType "swiss"]
[EventCountry "USA"]
[SourceTitle "playchess.com"]
[Source "ChessBase"]
[SourceQuality "1"]

{[%evp 15,65,-6,-12,-27,-5,-12,-10,-21,-14,0,-15,-12,50,45,41,33,37,45,37,44,45,43,56,48,52,29,20,13,26,0,30,19,53,65,59,7,102,112,124,0,112,120,118,122,118,119,99,102,203,198,687,677]} 1. d4 d5 2. c4 dxc4 3. Nf3 Nf6 4. e3 e6 5. Bxc4 c5 6. O-O a6 7. e4 b5 8. Bd3 Bb7 9. Re1 {D27: Queen's Gambit Accepted: Classical main line: 7 e4!? and 7 a4.} Be7 10. a4 c4 11. Bc2 {The position is equal.} O-O {[#]} 12. Nc3 $146 ({Predecessor:} 12. axb5 axb5 13. Rxa8 Bxa8 14. Nc3 b4 15. e5 bxc3 16. exf6 Bxf6 17. bxc3 Qa5 18. Re3 {0-1 (64) Sbarra,M (2231)-Salvador,R (2315) Gorgonzola 2004}) 12... b4 13. e5 bxc3 (13... Nd5 $11 14. Nxd5 Bxd5) 14. exf6 $14 Bxf6 15. bxc3 {And now Ba3 would win.} Bd5 16. Ne5 g6 17. Ng4 Bg7 18. Ne3 Nc6 19. Ba3 Re8 20. Qe2 $36 {[%mdl 2048] White fights for an advantage.} Rc8 21. Rab1 Bf8 22. Bc1 Bg7 (22... e5 {feels hotter.} 23. Nxd5 Qxd5 24. Be4 Qd6 25. d5 Na5) 23. Bd2 e5 24. Nxd5 ({Wrong is} 24. Nxc4 $2 exd4 25. Qxe8+ Qxe8 $19) 24... Qxd5 25. f4 ({White should play} 25. Be4 $14 Qd7 26. Qxc4) 25... exd4 (25... e4 $1 $11) 26. Qxe8+ $16 Rxe8 27. Rxe8+ Bf8 {[#]} 28. f5 $1 {Hoping for Bh6.} Kg7 ({Not} 28... gxf5 $2 29. Bh6 $18) 29. f6+ Kxf6 {[#] ...d3 is the strong threat.} 30. Be4 {[%cal Re4d5]} ({But not} 30. Rxf8 $6 d3 $11) 30... Qc5 31. Bxc6 {Black must now prevent Bf3.} dxc3+ (31... Kg7 $16 32. Bf3 dxc3+ 33. Be3 Qa3) 32. Be3 $18 Qa3 (32... Qd6 33. Be4 Kg7) 33. Bd5 {Weighted Error Value: White=0.08/Black=0.37} 1-0

[Event "15th Spice Cup 2021"]
[Site "Clayton"]
[Date "2021.10.19"]
[Round "4.4"]
[White "Ostrovskiy, Aleksandr"]
[Black "Jacobson, Brandon"]
[Result "0-1"]
[WhiteElo "2406"]
[BlackElo "2492"]
[Annotator "TA"]
[PlyCount "166"]
[EventDate "2021.10.17"]
[EventType "swiss"]
[EventCountry "USA"]
[SourceTitle "playchess.com"]
[Source "ChessBase"]
[SourceQuality "1"]

{[%evp 15,166,42,42,29,29,34,45,48,42,37,31,31,31,28,32,22,26,26,85,0,-6,0,19,18,19,19,19,19,19,-12,20,0,0,0,0,-12,-17,-24,-27,-26,-26,-26,-26,-32,-26,-34,0,0,0,0,0,0,0,0,0,0,0,0,0,0,0,0,0,0,0,0,0,0,0,-8,-19,-85,-85,-85,-85,-85,-85,-62,-62,-85,-85,-121,-85,-87,-85,-85,-85,-85,-85,-91,-85,-100,-85,-85,-85,-93,-93,-108,0,-93,-93,-93,-93,-94,-94,-248,-244,-223,-230,-247,-269,-258,-246,-305,-305,-391,-390,-374,-306,-322,-304,-297,-282,-222,-224,-341,-338,-543,-422,-550,-516,-498,-469,-523,-570,-450,-500,-759,-742,-748,-752,-668,-659,-29969,-29970,-29971,-29969,-29969,-29970,-29966,-29968,-5689,-3035]} 1. e4 e5 2. Nf3 Nc6 3. Bb5 a6 4. Ba4 Nge7 5. c3 d6 6. d4 Bd7 7. O-O Ng6 8. d5 Nb8 9. Bxd7+ {C75: Ruy Lopez: Deferred Steinitz: 5 c3 Bd7 6 d4 without ...g6.} Qxd7 10. c4 Be7 11. Nc3 {White is slightly better.} O-O 12. Be3 f5 13. exf5 Qxf5 14. Nd2 Nh4 {[#]} 15. Nde4 $146 ({Predecessor:} 15. g3 Qg6 16. Kh1 Nf5 17. Nde4 Nd7 18. Qd3 Rf7 19. f3 Raf8 20. Bg1 Kh8 21. Rae1 {0-1 (55) Karjakin,S (2752)-Alekseenko,K (2696) Chess.com INT 2020}) 15... Qg6 {[%csl Gh4][%cal Rg6g2]} 16. Ng3 $1 Bg5 (16... Nf5 $11) 17. Qh5 (17. Bxg5 $16 Qxg5 18. Nce4) 17... Qxh5 $11 18. Nxh5 Bf4 19. Rae1 g6 20. Ng3 Nd7 21. Nge4 h6 22. Kh1 Rf5 23. Nd2 Raf8 24. g3 {Hoping for Bxf4.} Bxe3 25. fxe3 Rxf1+ 26. Rxf1 Nf5 27. e4 Nd4 28. Rxf8+ Kxf8 {[%mdl 4096] Endgame KNN-KNN} 29. Kg2 Nc5 30. b3 b5 31. cxb5 axb5 32. b4 Nd3 33. a3 {next Nf3 is good for White.} Ne1+ 34. Kf2 Nec2 35. Ndb1 Ke7 36. Ne2 h5 37. Nec3 g5 38. h3 Kd7 39. Nd1 Ke7 40. Ndc3 h4 41. gxh4 gxh4 42. Ne2 Kf6 43. Nc1 (43. Nd2 $1 $11 {keeps the balance.}) 43... Kg6 $17 44. Nd3 Kg5 $1 45. Kf1 Ne3+ $1 46. Kf2 Nc4 47. Nc3 Nxa3 48. Nd1 Nac2 49. Nc3 Kf6 50. Nd1 Ke7 51. Nc3 Kd7 52. Kg2 c6 53. Kf2 Kc7 54. Kg2 Kb6 55. Kf2 Kb7 56. Kg2 Kb6 57. Kf2 $1 Nb3 {aiming for ...c5.} 58. dxc6 Nbd4 ({Reject} 58... Kxc6 $6 59. Kf3 $11) 59. Nd5+ Kxc6 60. Kg2 $2 {This costs White the game.} (60. Nc3 $17) 60... Ne6 $19 61. Ne7+ Kd7 62. Nd5 Ng5 63. Nf2 Nd4 64. Kf1 Ndf3 65. Nc3 {[#]} Kc6 $1 66. Kg2 Nd4 67. Nd3 Nde6 68. Kh2 Nf3+ 69. Kg2 {[#]} Nd2 $1 70. Nf2 (70. Kg1 $142) 70... Nf4+ 71. Kh2 $2 (71. Kg1 {was necessary.}) 71... Nf3+ 72. Kh1 d5 73. exd5+ Nxd5 74. Nfe4 Nxb4 75. Kg2 Nd4 76. Nf6 (76. Kf2 $142 Nd3+ 77. Ke3) 76... Nd3 77. Ng4 b4 78. Nb1 Nf4+ 79. Kh2 Nf3+ 80. Kh1 Nxh3 81. Kg2 Nhg5 82. Ne3 Kc5 83. Nf5 e4 {Weighted Error Value: White=0.11/Black=0.06} 0-1

[Event "15th Spice Cup 2021"]
[Site "Clayton"]
[Date "2021.10.19"]
[Round "4.5"]
[White "Narayanan, Samrug"]
[Black "Chen, Ryo"]
[Result "1-0"]
[WhiteElo "2395"]
[BlackElo "2325"]
[Annotator "TA"]
[PlyCount "89"]
[EventDate "2021.10.17"]
[EventType "swiss"]
[EventCountry "USA"]
[SourceTitle "playchess.com"]
[Source "ChessBase"]
[SourceQuality "1"]

{[%evp 12,89,39,39,56,53,37,40,69,46,47,45,54,47,45,45,45,48,60,53,43,41,47,44,52,50,46,37,43,0,5,6,2,4,7,0,81,0,16,8,23,7,29,-28,-20,-62,-77,-64,0,0,0,-21,0,0,6,0,70,66,84,82,81,0,0,0,0,0,0,0,0,0,81,92,506,512,506,465,899,899,29988,29989]} 1. e4 c5 2. Nf3 d6 3. Bb5+ Nd7 4. d4 Ngf6 5. Nc3 cxd4 6. Qxd4 e5 7. Qd3 Be7 {B51: Sicilian: Moscow Variation (3 Bb5+) without 3...Bd7.} 8. Bg5 O-O 9. Bxd7 Qxd7 {White is slightly better.} 10. Bxf6 Bxf6 11. Rd1 Rd8 12. Nd5 Qg4 13. O-O Be6 14. c4 Rac8 15. b3 {[#]} Bxd5 $146 ({Predecessor:} 15... Rd7 16. Nxf6+ gxf6 17. Nd2 Kh8 18. Qe3 Rg8 19. g3 Rg5 20. f4 exf4 21. Qxf4 Qxf4 22. Rxf4 {½-½ (38) Smirnov,V (2388)-Zhigalko,A (2526) Minsk 2005}) 16. Qxd5 Qd7 17. a4 a6 18. Rc1 Rc5 19. Qd3 Rdc8 20. Rcd1 b5 21. cxb5 axb5 22. a5 Rc3 23. Qd5 b4 {[#]} (23... R8c5 $11 24. Qa8+ (24. Qxd6 Qxd6 25. Rxd6 Rxb3 $11) 24... Rc8) 24. a6 (24. Qxd6 $6 Qxd6 25. Rxd6 Rxb3 $11) (24. Nxe5 $1 $16 Bxe5 25. Qxe5 $3 {[%mdl 576] Pin}) 24... R3c6 25. Qb5 Qa7 26. Ra1 Rb6 {[#]} 27. Qa4 (27. Rfc1 $142 $1 Ra8 28. Qd5) 27... g6 $11 28. Ra2 Ra8 29. Rfa1 d5 ({Black should try} 29... Qc7 $1 $15) 30. Nd2 $1 $36 {[%mdl 2048] White has good play.} (30. exd5 $2 e4 $19) 30... Bg5 31. Nf3 Bf6 32. Nd2 $1 ({Avoid the trap} 32. exd5 $2 e4 $19) 32... Qe7 33. a7 Rb7 (33... dxe4 $11 34. Nxe4 Bg7) 34. Qc6 $1 $14 Kg7 35. exd5 {aiming for Ne4.} Raxa7 {[#]} 36. Rxa7 (36. d6 $1 $16 {[%cal Rd6e7]} Rxa2 37. Rxa2 (37. dxe7 $2 {too greedy.} Rxa1+ 38. Nf1 Rxe7 $19)) 36... Rxa7 $11 37. Rd1 e4 {Hoping for ...e3.} 38. d6 Qe5 {Strongly threatening ...e3.} 39. Nxe4 Ra1 {[%cal Ra1d1]} 40. Rf1 Qd4 {[#]} (40... Rxf1+ $11 {keeps the balance.} 41. Kxf1 Qa1+ 42. Ke2 Qb2+ 43. Nd2 Qe5+ 44. Ne4 Qb2+ {[%mdl 64] Double Attack} 45. Nd2 Qe5+ 46. Ne4 Qb2+ {[%mdl 64] Double Attack}) 41. g3 $1 $16 (41. Nxf6 $2 {gets mated.} Rxf1+ 42. Kxf1 Qd1#) 41... Be5 $2 {[%mdl 8192] Black cannot hold the game after this.} (41... Rxf1+ $16 42. Kxf1 h5) 42. Rxa1 $18 Qxa1+ 43. Kg2 Qd4 (43... Qd1 $142 44. d7 Qd4) 44. d7 Kf8 45. Qa8+ {Weighted Error Value: White=0.10/Black=0.52} 1-0

[Event "15th Spice Cup 2021"]
[Site "Clayton"]
[Date "2021.10.19"]
[Round "4.6"]
[White "Ezra Paul Chambers"]
[Black "Bora, Safal"]
[Result "0-1"]
[WhiteElo "2184"]
[BlackElo "2432"]
[Annotator "TA"]
[PlyCount "116"]
[EventDate "2021.10.17"]
[EventType "swiss"]
[EventCountry "USA"]
[SourceTitle "playchess.com"]
[Source "ChessBase"]
[SourceQuality "1"]

{[%evp 12,116,18,6,11,0,1,-4,0,-16,-8,-17,-28,-25,-40,-31,-13,-51,-44,-66,-61,-93,-93,-94,-77,-94,-64,-77,-64,-72,-72,-72,-72,-72,-72,-72,-62,-64,-66,-72,-72,-72,-52,-53,-56,-173,-173,-173,-173,-173,-173,-173,-174,-173,-173,-163,-134,-192,-208,-249,-233,-590,-584,-543,-525,-667,-615,-497,-295,-589,-579,-532,-510,-484,-454,-454,-453,-441,-430,-1235,-1212,-1936,-1674,-29981,-29981,-29981,-29982,-29985,-29986,-29986,-29987,-29987,-29988,-29988,-29989,-29989,-29990,-29990,-29991,-29994,-29995,-29996,-29997,-29997,-29998,-29998,-29999]} 1. e4 e6 2. d4 d5 3. Nd2 c5 4. exd5 Qxd5 5. dxc5 Nf6 6. Ngf3 Bxc5 7. Bd3 Nbd7 {C07: French Tarrasch: 3...c5, 4 Ngf3 and 4 exd5 Qxd5.} 8. O-O b6 9. Qe2 Bb7 {[#] The position is equal.} 10. a4 $146 ({Predecessor:} 10. Re1 O-O 11. Ne4 Nxe4 12. Bxe4 Qxe4 13. Qxe4 Bxe4 14. Rxe4 Nf6 15. Re2 Rfd8 16. Bg5 {½-½ (16) Matejovic,J (2235)-Balogh,P (2266) Slovakia 2019}) 10... O-O 11. a5 bxa5 12. Nb3 Bb6 13. Bd2 {[%cal Rb3a5]} Nc5 14. Nxc5 Qxc5 15. Qe5 Rfc8 16. Qg3 Be4 17. Bc3 Bxd3 18. cxd3 {[#] Bxf6 is the strong threat.} Qf5 (18... Bc7 {is more complex.} 19. Be5 Rab8 20. Rfc1 Bxe5 21. Rxc5 Bxg3 22. Rxc8+ Rxc8 23. fxg3 Ng4) 19. Nd4 Qg6 20. Qxg6 hxg6 21. Nb3 Nd5 22. Bxa5 Rab8 23. Bxb6 Rxb6 24. Nd2 Rc7 25. Nc4 Rb3 26. Rfd1 Nf4 27. g3 Rxd3 ({Don't blunder} 27... Nxd3 $2 28. Na5 $18) 28. gxf4 (28. Ne3 $15 Rxd1+ 29. Rxd1) 28... Rxd1+ $19 29. Rxd1 {aiming for Rd8+.} Rxc4 $15 {[%mdl 4096] Endgame KR-KR} 30. Rd8+ Kh7 31. Rd7 Rxf4 32. Rxa7 g5 33. Rb7 Kg6 34. b4 (34. h3 $17) 34... g4 35. b5 Rb4 36. b6 $2 (36. Kg2 {is tougher.}) 36... f6 37. Kg2 Rb3 38. Kg1 e5 39. Kg2 Kh6 (39... f5 $142 40. Re7 Kf6) 40. Rb8 $2 (40. Kg1 {is a better defense.}) 40... Kg5 $19 41. Rg8 g6 42. Rb8 e4 43. Re8 Kf5 44. Rb8 {and the idea b7 leaves White hopeful.} Kf4 45. b7 (45. Rg8 $142 g5 46. Rb8) 45... f5 46. Rg8 Rxb7 47. Rxg6 Rb2 {Black mates.} 48. Re6 Re2 49. Re8 {[#]} e3 $1 50. Rxe3 Rxe3 51. fxe3+ Kxe3 {KPP-KP} 52. Kg3 f4+ 53. Kxg4 {KP-KP} f3 54. h4 f2 55. h5 f1=Q 56. h6 Qf4+ 57. Kh5 Qf5+ 58. Kh4 Kf4 {[%csl Gf4][%cal Rf5g4] Weighted Error Value: White=0.49/Black=0.06} 0-1

[Event "15th Spice Cup 2021"]
[Site "Clayton"]
[Date "2021.10.20"]
[Round "5.1"]
[White "Yoo, Christopher Woojin"]
[Black "Quesada Perez, Yuniesky"]
[Result "1/2-1/2"]
[WhiteElo "2485"]
[BlackElo "2593"]
[Annotator "TA"]
[PlyCount "54"]
[EventDate "2021.10.17"]
[EventType "swiss"]
[EventCountry "USA"]
[SourceTitle "playchess.com"]
[Source "ChessBase"]
[SourceQuality "1"]

{[%evp 16,54,29,22,8,18,20,0,17,0,38,37,78,85,73,77,70,75,70,71,71,67,67,45,62,32,29,51,37,16,25,12,10,-31,-18,-35,-38,-43,-37,-37,-36]} 1. d4 d5 2. c4 dxc4 3. e4 Nf6 4. e5 Nd5 5. Bxc4 Nc6 6. Ne2 Bf5 7. O-O e6 8. Nbc3 Nb6 9. Bb3 Qd7 {D20: Queen's Gambit Accepted: 3 e3 and 3 e4.} 10. Be3 Be7 11. Ng3 Bg6 {The position is equal.} 12. f4 {Threatens to win with d5.} Na5 13. d5 Nxb3 14. Qxb3 Bd3 ({Wrong is} 14... exd5 $2 15. f5 $18) 15. Rfd1 Bc4 16. dxe6 Qxe6 17. Qc2 O-O 18. Nf5 Rfd8 {[#]} 19. Nxe7+ $146 ({Predecessor:} 19. b3 Ba6 20. Nxe7+ Qxe7 21. Bxb6 cxb6 22. Ne4 Qb4 23. h3 Rdc8 24. Qb1 Rd8 25. Qc2 {1-0 (89) Sasikiran,K (2662)-Teterev,V (2506) Rhodes 2013}) 19... Qxe7 20. Ne4 {[#] Bxb6 is the strong threat.} Bd5 21. Ng5 g6 22. Bc5 Qe8 23. Bd4 h6 24. Nh3 Qe6 25. Qf2 Qg4 {Black is slightly better.} 26. Qg3 Be6 {[#] Strongly threatening ...c5!} 27. Nf2 Qxg3 {Weighted Error Value: White=0.11/Black=0.05} 1/2-1/2

[Event "15th Spice Cup 2021"]
[Site "Clayton"]
[Date "2021.10.20"]
[Round "5.2"]
[White "Nyzhnyk, Illya"]
[Black "Gledura, Benjamin"]
[Result "1/2-1/2"]
[WhiteElo "2670"]
[BlackElo "2628"]
[Annotator "TA"]
[PlyCount "27"]
[EventDate "2021.10.17"]
[EventType "swiss"]
[EventCountry "USA"]
[SourceTitle "playchess.com"]
[Source "ChessBase"]
[SourceQuality "1"]

{[%evp 11,27,8,26,0,0,0,0,1,6,6,0,0,0,-74,-86,-83,-77,-84]} 1. c4 c5 2. Nf3 Nf6 3. Nc3 Nc6 4. d4 cxd4 5. Nxd4 e6 6. Bf4 d5 7. cxd5 {A33: Symmetrical English: 2 Nf3 Nf6 3 d4 cxd4 4 Nxd4 e6 5 Nc3 Nc6.} Nxd5 8. Nxc6 bxc6 9. Bd2 {The position is equal.} Bb4 10. Nxd5 Bxd2+ 11. Qxd2 {[#] Threatens to win with Nc3.} cxd5 {[#]} 12. e4 $146 (12. e3 $11 {keeps the balance.}) ({Predecessor:} 12. e3 O-O 13. Be2 a5 14. O-O Qb6 15. Rfc1 Bd7 16. Rc3 a4 17. Rac1 Rfb8 18. R1c2 {0-1 (40) Zhukova,N (2482)-Rodshtein,M (2680) Caleta 2015}) 12... dxe4 $17 13. Qb4 Bd7 14. Qxe4 {White did not feel at home in the position after the opening.  Weighted Error Value: White=0.21/Black=0.00} 1/2-1/2

[Event "15th Spice Cup 2021"]
[Site "Clayton"]
[Date "2021.10.20"]
[Round "5.3"]
[White "Jacobson, Brandon"]
[Black "Martinez Alcantara, Jose Eduardo"]
[Result "1/2-1/2"]
[WhiteElo "2492"]
[BlackElo "2620"]
[Annotator "TA"]
[PlyCount "29"]
[EventDate "2021.10.17"]
[EventType "swiss"]
[EventCountry "USA"]
[SourceTitle "playchess.com"]
[Source "ChessBase"]
[SourceQuality "1"]

{[%evp 11,29,28,29,4,16,0,19,0,0,-11,0,0,0,0,0,-14,-9,-13,-17,-23]} 1. d4 d5 2. c4 dxc4 3. Nf3 Nf6 4. e3 e6 5. Bxc4 c5 6. O-O a6 7. Re1 {7.b3 is the modern continuation. D27: Queen's Gambit Accepted: Classical main line: 7 e4!? and 7 a4.} Be7 {The position is equal.} 8. e4 b5 9. Bf1 Bb7 10. e5 Nd5 11. dxc5 Nd7 {[#]} 12. a4 $146 ({Predecessor:} 12. c6 Bxc6 13. Nd4 Bb7 14. Qg4 Qb6 15. Nc3 Bc5 16. Nxd5 Bxd5 17. Be3 O-O 18. b4 Bxb4 19. Nb3 Bxe1 20. Bxb6 Bc3 21. Rc1 Bb2 22. Rc2 Bxe5 23. Bd4 {1-0 (23) Cheparinov,I (2679)-Stevic,H (2563) Zagreb 2019}) 12... O-O 13. c6 Bxc6 14. Nd4 Qb6 15. axb5 {A rather calm draw.  Weighted Error Value: White=0.08/Black=0.03} 1/2-1/2

[Event "15th Spice Cup 2021"]
[Site "Clayton"]
[Date "2021.10.20"]
[Round "5.4"]
[White "Moradiabadi, Elshan"]
[Black "Narayanan, Samrug"]
[Result "1-0"]
[WhiteElo "2553"]
[BlackElo "2395"]
[Annotator "TA"]
[PlyCount "75"]
[EventDate "2021.10.17"]
[EventType "swiss"]
[EventCountry "USA"]
[SourceTitle "playchess.com"]
[Source "ChessBase"]
[SourceQuality "1"]

{[%evp 15,75,17,54,2,31,16,52,0,45,51,97,73,312,316,251,112,106,101,194,124,348,41,428,420,483,132,123,133,129,137,129,128,138,127,151,112,108,104,187,200,193,184,185,179,343,333,331,318,367,350,347,321,309,318,12842,12841,12840,12837,29986,29987,29997,29998]} 1. e4 e6 2. d4 d5 3. Nc3 Bb4 4. e5 c5 5. a3 Bxc3+ 6. bxc3 Qa5 7. Bd2 Qa4 8. Qg4 g6 9. h4 {C18: French: 3 Nc3 Bb4: Main line: 7 h4 and 7 Qg4.} (9. Nf3 $14) 9... Nc6 {[#]} (9... h5 $5 {[%cal Rh5g4]} 10. Qf4 Nd7 $11) 10. Qf4 $146 ({Predecessor:} 10. h5 Qxc2 11. Nf3 c4 12. hxg6 Qxg6 13. Qf4 Bd7 14. Rh3 h6 15. Be2 O-O-O 16. Rg3 Qh7 {½-½ (53) Sevian,S (2677)-Kovalenko,I (2651) Saint Louis 2019}) 10... Bd7 11. Rh3 (11. Ra2 $14) 11... h6 12. dxc5 Qa5 13. Rb1 O-O-O $2 (13... Qxc5 $16 14. c4 (14. Rxb7 Qxa3 15. c4 Qa1+ 16. Bc1 Qa5+ 17. Kd1 Nge7 $16) 14... b6) 14. c4 $18 (14. Qxf7 Nge7 $11) 14... Qxc5 15. Rhb3 (15. Qxf7 Nge7 $11) (15. cxd5 $18 {is the precise move to win.} Qxd5 16. Rc3) 15... g5 $16 16. Qe3 d4 (16... Nd4 $16 17. Rc3 Bc6) 17. Qe4 (17. Qg3 $1 $18 gxh4 18. Qg7 (18. Qxh4 b6 $14) 18... Qxe5+ 19. Qxe5 Nxe5 20. Rxb7) 17... Na5 $2 (17... f5 $16 18. exf6 Nxf6) 18. Bb4 $2 (18. hxg5 $2 Nxb3 19. Bb4 Qc7 $17) ({Only move:} 18. Rxb7 $18 {White wants to mate with Rb8+.} Bc6 19. Rb8+ Kd7 20. Rxd8+ Kxd8 21. Qe2) 18... Qc7 {[%mdl 8192] [#]} ({Black should try} 18... Bc6 $1 $14) 19. Bd6 $1 $18 {[%cal Rd6c7]} ({Worse is} 19. Bxa5 Qxa5+ 20. Kd1 Bc6 $17) 19... Qc6 20. Qxc6+ (20. Qxd4 $18 Nxb3 21. Qxa7 (21. cxb3 Be8 $16) (21. Rxb3 Qa4 $14) 21... Qe4+ 22. Ne2) 20... Bxc6 $16 21. Rb4 Rxd6 22. exd6 Nf6 23. Nf3 e5 24. hxg5 Nd7 25. c5 hxg5 26. Nxg5 f6 (26... Rh1 $16) 27. Ne6 $18 Re8 28. Ng7 Rh8 {[#]} 29. c3 $1 Rh1 $2 (29... dxc3 {keeps fighting.} 30. Rc1 Nxc5) 30. cxd4 Bxg2 31. Ke2 Be4 32. dxe5 {[%mdl 64] Discovered Attack} Bxb1 33. e6 ({Not} 33. Rxb1 fxe5 34. Rb5 Nc6 $14) 33... Ba2 34. Bg2 ({Less strong is} 34. exd7+ Kxd7 35. Bg2 Rh7 $16) 34... Rh7 {[#]} (34... Bxe6 35. Bxh1 Bc4+ 36. Ke3 Nxc5) 35. Bxb7+ $1 {[%mdl 576] Promotion} Nxb7 36. exd7+ Kd8 37. Rxb7 Bd5 {[#]} 38. c6 $1 {[%cal Rb7b8] Weighted Error Value: White=0.49/Black=0.73} 1-0

[Event "15th Spice Cup 2021"]
[Site "Clayton"]
[Date "2021.10.20"]
[Round "5.5"]
[White "Cordova, Emilio"]
[Black "Mardov, Dimitar"]
[Result "1/2-1/2"]
[WhiteElo "2534"]
[BlackElo "2373"]
[Annotator "TA"]
[PlyCount "98"]
[EventDate "2021.10.17"]
[EventType "swiss"]
[EventCountry "USA"]
[SourceTitle "playchess.com"]
[Source "ChessBase"]
[SourceQuality "1"]

{[%evp 15,98,3,15,4,0,1,26,20,22,0,0,-9,-8,0,-7,-47,-16,-36,-33,-52,-46,-82,-72,-68,-46,-58,0,0,-8,-7,-13,-45,-29,-52,-50,-60,-43,-104,-98,-138,-134,-187,-128,-156,-151,-166,-95,-104,-92,-99,-90,-137,-122,-149,-143,-156,-135,-165,-73,-66,-70,-74,-62,-62,-64,-77,-52,-49,-34,-47,-64,-76,-10,-61,0,0,0,0,0,0,0,0,0,0,0]} 1. Nf3 d5 2. g3 Bg4 3. Bg2 e6 4. c4 Nd7 5. cxd5 exd5 6. O-O Ngf6 7. Nc3 c6 8. d3 Bd6 9. h3 {A11: English Opening: 1...c6.} Bxf3 10. Bxf3 d4 (10... O-O {looks sharper.} 11. Bg2 Re8 12. e3 h6 13. Qc2 Nc5) 11. Ne4 {White has an edge.} Nxe4 12. Bxe4 O-O 13. Bd2 f5 14. Bg2 Kh8 {[#]} 15. Qa4 $146 ({Predecessor:} 15. Qb3 Rb8 16. e3 dxe3 17. Bxe3 f4 18. gxf4 Bxf4 19. Bxa7 Rc8 20. Be3 Qc7 21. Rae1 {1-0 (65) Bailet,P (2466)-Jolly,J (2361) Angers 2019}) 15... Qf6 16. Rac1 f4 17. gxf4 Nb6 $1 {[%cal Rb6a4]} 18. Qd1 Bxf4 19. e3 Bh6 20. e4 Bxd2 21. Qxd2 Qf4 22. Qxf4 Rxf4 23. Rfe1 Re8 24. b4 a6 25. e5 Kg8 26. Rc2 (26. Rc5 $1 $15) 26... Kf7 $17 27. e6+ Ke7 ({But not} 27... Rxe6 $6 28. Rxe6 Kxe6 29. Bxc6 $11) 28. Re5 (28. Be4 $17 {is a better defense.}) 28... Rd8 (28... Na4 $19 29. a3 Nc3) 29. Be4 g6 30. Kg2 {[#]} Rd6 (30... Na4 $1 $19 31. Kg3 Rdf8) 31. Kg3 Rf6 32. Ra5 Rfxe6 33. Kf4 Nd7 34. a4 Nf6 35. Bf3 Re1 36. b5 {[%cal Rb5c6]} axb5 (36... Nd5+ $19 37. Bxd5 Rxd5 38. bxc6 Rxa5) 37. axb5 Nd5+ 38. Kg3 Nb4 {[%mdl 64] [#] Double Attack} 39. bxc6 bxc6 40. Rd2 Kf6 41. Be4 Rc1 42. Ra7 h5 43. f4 Re6 ({Black should play} 43... Re1 $17 44. Kh4 Rf1) 44. Rf2 (44. Rd7 $11) 44... Rc3 (44... Re7 $1 $15 45. Ra8 Re1) 45. Rf3 $11 {The position is equal.} Rc5 46. Kh4 {aiming for Rg3.} Nd5 {And now ...Nc3 would win.} 47. f5 g5+ 48. Kxh5 Re7 49. Rxe7 Nxe7 {Black had all chances to win.  Weighted Error Value: White=0.17/Black=0.15} 1/2-1/2